00662 a2200229 4500001000700000003000400007005001700011008004100028082001600069100001100085245005400096260003300150300001000183546001200193690002300205700001300228700000900241700001000250942001200260999001300272952014700285066027OSt20251212150115.0  a808.2bW15S1 aWallis1 aStudying playscby Mick Wallis and Simon Shepherd aU.K.bHodder Educationc2007 a214p. aEnglish aDrama--Explication aShepherd aMick aSimon 2ddccBK c236d236 00102ddc40708TXBaCURAJbCURAJcENGd2012-03-07eENGfRawat Jaipg1035.00i1001/15-03-2010l0o808.2 W15Sp313r2024-11-21w2020-09-02yBK